02489nam a2200241 i 4500001001500000008004000015015001700055017004600072020001800118040003700136041001200173100003500185245006000220250001800280264003700298300002400335490002300359520092300382520090101305650001002206650002002216650001102236Rebiun36132221240823s2023 spc|||| |||| 0|0 0 spa| aLL2024 2bnc aDL B 5218-2023, bBiblioteca de Catalunya a9788408273486 aES-BaBC bSpanisherda cES-BaBC aSpanish aMartínez-Horta, Sauleauthor10a¿Dónde están las llaves? c/ Saul Martínez-Horta aFirst edition 1aBarcelona : bGeoPlaneta, c2023 a293 pages ; c23 cm aGeoPlaneta ciencia aEn esta obra, el autor nos sumerge en los misterios de la vida cotidiana, ofreciendo explicaciones neuropsicológicas a situaciones que todos hemos experimentado alguna vez. El libro aborda fenómenos como los olvidos involuntarios, los lapsus, las pasiones desbordadas, las fobias, las manías e incluso experiencias que podrían considerarse «extrañas», como las apariciones o las alucinaciones. Saúl Martínez-Horta, neuropsicólogo, adopta una mirada científica para explorar y comprender cómo funciona nuestro cerebro en el día a día. A lo largo de estas páginas, los lectores se embarcarán en un viaje fascinante por la mente humana, desentrañando los enigmas que rodean nuestras acciones y pensamientos más comunes. Con un enfoque claro, riguroso y accesible, el autor nos invita a reflexionar sobre la extraordinaria complejidad de nuestro órgano más enigmático: el cerebro. aIn this compelling work, the author invites us to delve into the mysteries of everyday life, offering neuropsychological explanations for situations we all experience at some point. Why do we suddenly forget things? What lies behind slips of the tongue, phobias, or overwhelming passions? How can we make sense of compulsions—or even seemingly inexplicable experiences like hallucinations or apparitions? Saúl Martínez-Horta, a neuropsychologist, approaches these phenomena with scientific rigour and a clear, engaging style. Throughout these pages, he takes readers on a fascinating journey through the workings of the human brain, unravelling the enigmas behind our most common thoughts, actions, and emotions. Blending science with curiosity and reflection, this book invites us to better understand—and marvel at—the complexity of the most mysterious organ in our body: the brain. 0aBrain 0aNeuropsychology 0aMemory